000 00988nam a2200265 i 4500
001 189066
003 SpMaBN
005 20240103184855.0
008 190326s2017 sp |||| |dspa d
020 _a978-84-9888-771-6
080 _a32(460)"20"
245 0 0 _aLlamamiento a un proceso constituyente /
_cprólogo, Alberto Garzón ; epílogo, José Antonio Pérez Tapias ; [autores], Adolfo Rodríguez Gil, Andrés Piqueras, Ángeles Díez Rodríguez ... [et al.].
250 _a1ª ed.
260 _aBarcelona :
_bIcaria,
_c2017.
300 _a86 p. ;
_c22 x 13 cm.
490 1 _aMás madera ;
_v136
504 _aBibliografía: p. 80-81.
651 7 _aEspaña-
_xPolítica y gobierno-
_yS.XXI.
_9166701
700 1 _aPérez Tapias, José Antonio.
_991169
700 1 _aRodríguez Gil, Adolfo.
_9166702
830 0 _aMás madera ;
_v136
_9225767
852 _aES-MaACL
_jA-14449
_9196203
_bR.151817
_cDEPO1
_dOlim: N-7449
942 _2udc
_cMONOGRAFIA
999 _c189066
_d189066